000 01479cam a2200385 a 4500
999 _c189
_d189
001 15632672
003 OSt
005 20190731100937.0
008 090220s2009 nyua j 000 1 eng
010 _a 2009005458
020 _a9780545055864 (pbk.)
040 _aDLC
_cDLC
_dDLC
042 _alcac
050 0 0 _aPZ7.T214826
_bLi 2009
082 0 0 _aFIC TAY
_222
100 1 _aTaylor, Laini.
_eauthor
245 1 0 _aLips touch :
_bthree times /
_cLaini Taylor with illustrations by Jim Di Bartolo.
250 _a1st ed.
260 _aNew York :
_bArthur A. Levine Books,
_c2009.
300 _a265 p. :
_bcol. ill. ;
_c24 cm.
505 0 _aGoblin fruit -- Spicy little curses such as these -- Hatchling.
520 _aThree short stories about kissing, featuring elements of the supernatural.
650 0 _aKissing
_vJuvenile fiction.
650 0 _aParanormal fiction.
650 0 _aChildren's stories, American.
650 1 _aKissing
_vFiction.
650 1 _aSupernatural
_vFiction.
650 1 _aShort stories.
700 1 _aDi Bartolo, Jim,
_eillustrator
856 4 2 _3Publisher description
_uhttp://www.loc.gov/catdir/enhancements/fy1116/2009005458-d.html
856 4 2 _3Contributor biographical information
_uhttp://www.loc.gov/catdir/enhancements/fy1301/2009005458-b.html
906 _a7
_bcbc
_corignew
_d1
_eecip
_f20
_gy-gencatlg
942 _2ddc
_cFIC